Geography Quiz

Random Geography or City Quiz
Score 0/20 Timer 04:00
0 Plays Today
State (Population) City % Correct
TX (2,325,502)Houston
100%
OH (892,533)Columbus
96.1%
KY (620,118)Louisville
96.1%
NM (560,218)Albuquerque
96.1%
OK (400,669)Tulsa
96.1%
TX (964,254)Austin
95.1%
WI (592,025)Milwaukee
95.1%
LA (221,599)Baton Rouge
95.1%
MO (302,838)St. Louis
94.2%
MN (307,695)Saint Paul
93.2%
State (Population) City % Correct
PA (301,048)Pittsburgh
93.2%
AZ (545,975)Tucson
92.2%
CO (374,114)Aurora
89.3%
NY (256,304)Buffalo
88.3%
NC (274,291)Durham
86.4%
TX (326,554)Corpus Christi
84.5%
FL (265,098)St. Petersburg
73.8%
TX (255,885)Lubbock
73.8%
CA (271,651)Chula Vista
67%
CA (200,641)Huntington Beach
50.5%
Remove Ads.
Support Sporcle.
Get the best of Sporcle when you Go Orange. This ad-free experience offers more features, more stats, and more fun while also helping to support Sporcle. Thank you for becoming a member.

You're not logged in!

Compare scores with friends on all Sporcle quizzes.
OR
Log In

Sporcle TV

Today on Sporcle TV


Watch our educational content, quiz creation guides, and fun videos on Sporcle TV.

Show Comments

Extras

Top Quizzes Today


Score Distribution

Paid Content

Your Account Isn't Verified!

In order to create a playlist on Sporcle, you need to verify the email address you used during registration. Go to your Sporcle Settings to finish the process.

Report this User

Report this user for behavior that violates our Community Guidelines.

Details: